Analysis of Mechanical Engineering Design Process of R&D Organization by Using Six Sigma Methodology (Record no. 527751)
[ view plain ]
| 000 -LEADER | |
|---|---|
| fixed length control field | 00595nam a22001937a 4500 |
| 003 - CONTROL NUMBER IDENTIFIER | |
| control field | NUST |
| 005 - DATE AND TIME OF LATEST TRANSACTION | |
| control field | 20230907094812.0 |
| 008 - FIXED-LENGTH DATA ELEMENTS--GENERAL INFORMATION | |
| fixed length control field | 190807b ||||| |||| 00| 0 eng d |
| 038 ## - RECORD CONTENT LICENSOR | |
| Staff Name | Mr. Noman |
| 082 ## - DEWEY DECIMAL CLASSIFICATION NUMBER | |
| Classification number | 658.4 |
| 100 ## - MAIN ENTRY--PERSONAL NAME | |
| Personal name | Zeeshan, Muhammad |
| 9 (RLIN) | 18618 |
| 245 ## - TITLE STATEMENT | |
| Title | Analysis of Mechanical Engineering Design Process of R&D Organization by Using Six Sigma Methodology |
| Statement of responsibility, etc. | Muhammad Zeeshan. |
| 260 ## - PUBLICATION, DISTRIBUTION, ETC. | |
| Place of publication, distribution, etc. | Islamabad: |
| Name of publisher, distributor, etc. | NBS - NUST, |
| Date of publication, distribution, etc. | 2013. |
| 300 ## - PHYSICAL DESCRIPTION | |
| Extent | 68 p.: ill.; |
| Dimensions | 30cm. |
| 500 ## - GENERAL NOTE | |
| General note | Hardcover. |
| 650 ## - SUBJECT ADDED ENTRY--TOPICAL TERM | |
| Topical term or geographic name entry element | EMBA Thesis. |
| 9 (RLIN) | 17645 |
| 700 ## - ADDED ENTRY--PERSONAL NAME | |
| Personal name | Nadia Zaheer Khan. |
| 9 (RLIN) | 19079 |
| 942 ## - ADDED ENTRY ELEMENTS (KOHA) | |
| Source of classification or shelving scheme | |
| Koha item type | Thesis |
| Withdrawn status | Lost status | Source of classification or shelving scheme | Damaged status | Not for loan | Permanent Location | Current Location | Shelving location | Date acquired | Full call number | Barcode | Date last seen | Price effective from | Koha item type |
|---|---|---|---|---|---|---|---|---|---|---|---|---|---|
| Central Library (CL) | Central Library (CL) | Thesis | 08/07/2019 | 658.4 | CL-T-2980 | 08/08/2019 | 08/07/2019 | Thesis |
